The Sikhs: (Record no. 27307)

MARC details
000 -LEADER
fixed length control field 02466nam a22003735a 4500
005 - DATE AND TIME OF LATEST TRANSACTION
control field 20090606160818.0
008 - FIXED-LENGTH DATA ELEMENTS--GENERAL INFORMATION
fixed length control field 090326s2009 ii b 000 0 eng
010 ## - LCCN (DPL NO)
LC control number ENG-93939
020 ## - INTERNATIONAL STANDARD BOOK NUMBER
International Standard Book Number 9780195694949
Terms of availability 895.00
020 ## - INTERNATIONAL STANDARD BOOK NUMBER
International Standard Book Number 0195694945
Terms of availability 895.00
035 ## - SYSTEM CONTROL NUMBER
System control number EN-77472
035 ## - SYSTEM CONTROL NUMBER
System control number B-360891-897
037 ## - SOURCE OF ACQUISITION
Source of stock number/acquisition DBAD / PUB
037 ## - SOURCE OF ACQUISITION
Source of stock number/acquisition Uppal Book Store
040 ## - CATALOGING SOURCE
Original cataloging agency dpl
Language of cataloging English
082 ## - DEWEY DECIMAL CLASSIFICATION NUMBER
Classification number 260
100 ## - MAIN ENTRY--PERSONAL NAME
Personal name Grewal, J.S.
245 ## - TITLE STATEMENT
Title The Sikhs:
Remainder of title ideology, institutions, and identity /
Statement of responsibility, etc by J.S. Grewal
260 ## - PUBLICATION, DISTRIBUTION, ETC. (IMPRINT)
Place of publication, distribution, etc New Delhi
Name of publisher, distributor, etc Oxford University Press
Date of publication, distribution, etc 2009
270 ## - ADDRESS
Address YMCA Library Building, Jai Singh Road,
City New Delhi
Postal code 110001
300 ## - PHYSICAL DESCRIPTION
Extent xix, 419p.
Dimensions 23cm(Hb)
504 ## - BIBLIOGRAPHY, ETC. NOTE
Bibliography, etc Includes glossary, bibliographical references and index
650 ## - SUBJECT ADDED ENTRY--TOPICAL TERM
Topical term or geographic name as entry element Sikhism
942 ## - ADDED ENTRY ELEMENTS (KOHA)
Source of classification or shelving scheme Dewey Decimal Classification
Item type English Books
Call number suffix GRE
Classification part 260
Holdings
Withdrawn status Lost status Source of classification or shelving scheme Damaged status Not for loan Collection code Home library Current library Date acquired Source of acquisition Cost, normal purchase price Total Checkouts Full call number Barcode Date last seen Copy number Cost, replacement price Koha item type Total Renewals
    Dewey Decimal Classification       Central Library Central Library 10/03/2010 Uppal Book Store/9013/26.10.09/128/16.10.09/26.10.09 895.00 5 260 GRE B-360891 20/10/2020 1 895.00 English Books  
    Dewey Decimal Classification   Not For Loan Non-fiction D.B.Act.Division D.B.Act.Division 06/06/2009 DBAD / PUB 895.00   260 GRE EN-77472 06/06/2009 1 895.00 English Books  
    Dewey Decimal Classification       Janak Puri Janak Puri 10/03/2010 Uppal Book Store/9013/26.10.09/128/16.10.09/26.10.09 895.00 10 260 GRE B-360893 19/08/2017 1 895.00 English Books 1
    Dewey Decimal Classification       Karol Bagh Karol Bagh 10/03/2010 Uppal Book Store/9013/26.10.09/128/16.10.09/26.10.09 895.00   260 GRE B-360896 10/03/2010 1 895.00 English Books  
    Dewey Decimal Classification       Patel Nagar Patel Nagar 10/03/2010 Uppal Book Store/9013/26.10.09/128/16.10.09/26.10.09 895.00 3 260 GRE B-360892 19/04/2024 1 895.00 English Books 3
    Dewey Decimal Classification       Sarojini Nagar Sarojini Nagar 10/03/2010 Uppal Book Store/9013/26.10.09/128/16.10.09/26.10.09 895.00 2 260 GRE B-360894 19/06/2025 1 895.00 English Books  
    Dewey Decimal Classification       Shahdara Branch Shahdara Branch 10/03/2010 Uppal Book Store/9013/26.10.09/128/16.10.09/26.10.09 895.00 1 260 GRE B-360897 27/12/2019 1 895.00 English Books  
    Dewey Decimal Classification       Vinoba Puri Vinoba Puri 10/03/2010 Uppal Book Store/9013/26.10.09/128/16.10.09/26.10.09 895.00 5 260 GRE B-360895 23/10/2021 1 895.00 English Books  

© Delhi Public Library
Hit Counter
free hit counter